The Common Wealth Library; (Record no. 3331)

MARC details
000 -LEADER
fixed length control field 00444nam a22001697a 4500
003 - CONTROL NUMBER IDENTIFIER
control field OSt
005 - DATE AND TIME OF LATEST TRANSACTION
control field 20160330122251.0
008 - FIXED-LENGTH DATA ELEMENTS--GENERAL INFORMATION
fixed length control field 160330b xxu||||| |||| 00| 0 eng d
020 ## - INTERNATIONAL STANDARD BOOK NUMBER
International Standard Book Number 0421912308
040 ## - CATALOGING SOURCE
Transcribing agency DDC.
082 ## - DEWEY DECIMAL CLASSIFICATION NUMBER
Edition number 026.34COM2005
100 ## - MAIN ENTRY--PERSONAL NAME
Personal name Sweet;Maxwll;
9 (RLIN) 7458
245 ## - TITLE STATEMENT
Title The Common Wealth Library;
Remainder of title Chitty on Contracts.
260 ## - PUBLICATION, DISTRIBUTION, ETC. (IMPRINT)
Place of publication, distribution, etc. London.
Name of publisher, distributor, etc. Sweet&Maxwell.
Date of publication, distribution, etc. 2005
300 ## - PHYSICAL DESCRIPTION
Extent xlviii,300p;
Other physical details ill;
Dimensions 24cm
942 ## - ADDED ENTRY ELEMENTS (KOHA)
Source of classification or shelving scheme Dewey Decimal Classification
Koha item type Short Loan

No items available.